جنة الاطفال / (رقم التسجيلة. 91888)

تفاصيل مارك
000 -LEADER
fixed length control field 00465nam a22001697a 4500
005 - DATE AND TIME OF LATEST TRANSACTION
control field 20251108172924.0
008 - FIXED-LENGTH DATA ELEMENTS--GENERAL INFORMATION
fixed length control field 250721s9999 xx 000 0 ara d
082 14 - DEWEY DECIMAL CLASSIFICATION NUMBER
Classification number ط/811.06/زرز
100 1# - MAIN ENTRY--PERSONAL NAME
Personal name زرزور، احمد
Relator term comp.
245 10 - TITLE STATEMENT
Title جنة الاطفال /
264 1# - PRODUCTION, PUBLICATION, DISTRIBUTION, MANUFACTURE, AND COPYRIGHT NOTICE
Place of production, publication, distribution, manufacture القاهرة :
Name of producer, publisher, distributor, manufacturer شركة سفير،
300 ## - PHYSICAL DESCRIPTION
Extent 15/ص
490 0# - SERIES STATEMENT
Series statement الاغاني و الاناشيد
Volume/sequential designation 12
650 17 - SUBJECT ADDED ENTRY--TOPICAL TERM
Topical term or geographic name as entry element الاطفال
942 ## - ADDED ENTRY ELEMENTS (KOHA)
Source of classification or shelving scheme Dewey Decimal Classification
Koha item type كتب
المقتنيات
حالة السحب حالة الفقدان مصدر التصنيف حالة التلف غير قابل للإعارة المكتبة الرئيسية المكتبة الحالية موقع الرف تاريخ التزويد الرقم المتسلسل Total Checkouts رقم الإستدعاء الباركود تاريخ آخر ظهور تاريخ الفاتورة نوع المادة (كوها)
    Dewey Decimal Classification     مكتبة الراية الهاشمية للأطفال مكتبة الراية الهاشمية للأطفال الإعارة 28/07/2025 296557   ط/811.06/زرز 296557 28/07/2025 28/07/2025 كتب
Implemented & Customized by: BBB with SCIT (Smart Chains for Information Technology)

Powered by Koha